Statystyki dla Państwa, które nie posiadają wojsk

Kliknij tutaj aby rozwiązać quiz!

Ogólne statystyki

  • Ten quiz został rozwiązany 118 razy
  • Średni wynik to 10 z 21

Statystyki odpowiedzi

Państwa% Poprawnych
Watykan
92%
Andora
73%
MonakoPaństwa bez standardowej armii, ale posiadające ograniczoną liczbę innych oddziałów
70%
Liechtenstein
67%
IslandiaPaństwa bez standardowej armii, ale posiadające ograniczoną liczbę innych oddziałów
59%
Dominika
54%
Wyspy Marshalla
52%
Nauru
45%
Palau
45%
Wyspy Salomona
45%
Saint Vincent i Grenadyny
42%
Tuvalu
42%
Saint Lucia
41%
Mikronezja
39%
Grenada
37%
Haiti
37%
Kiribati
37%
Samoa
36%
Mauritius
33%
Kostaryka
27%
PanamaPaństwa bez standardowej armii, ale posiadające ograniczoną liczbę innych oddziałów
23%

Rozkład punktacji

Percentyl według liczby udzielonych odpowiedzi

Procent ludzi z każdym wynikiem

Twoja historia wyników

Nie rozwiązałeś tego quizu